000 00438nam a2200157Ia 4500
999 _c18680
_d18680
003 OSt
005 20200623132007.0
008 190216s9999||||xx |||||||||||||| ||und||
040 _coclc
082 _a954
_bDHA/C
100 _aDhar, Sheila
_93138
245 0 _aChildren`s History Of India /
_cSheila Dhar
260 _bPublications Division,
_c1986.
300 _a156p
942 _cBK
_2ddc
_h954
_iDHA/C
_k954
_mDHA/C